000
00332nam a2200133Ia 4500
008
240624s9999 xx 000 0 und d
041
_a
eng
082
_a
954 COR
100
_a
CORBETT JIM
245
_a
JUNGLE LORE
260
_c
2010
_a
New Delhi
_b
Oxford University press
300
_a
xiii, : 167 : p. : cm. ; 21
365
_c
RS
_b
32
999
_c
16636
_d
16636